MARC details
| 000 -CABECERA |
| campo de control de longitud fija |
01030nam a2200265 a 4500 |
| 001 - NÚMERO DE CONTROL |
| campo de control |
000023071 |
| 005 - FECHA Y HORA DE LA ÚLTIMA TRANSACCIÓN |
| campo de control |
20250603103845.0 |
| 008 - DATOS DE LONGITUD FIJA--INFORMACIÓN GENERAL |
| campo de control de longitud fija |
101125s1994 mx a 001 0 spa d |
| 020 ## - NÚMERO INTERNACIONAL ESTÁNDAR DEL LIBRO |
| Número Internacional Estándar del Libro |
9688803766 |
| 040 ## - FUENTE DE LA CATALOGACIÓN |
| Centro catalogador/agencia de origen |
DO-SdBNP |
| Lengua de catalogación |
spa |
| Centro/agencia transcriptor |
BNPHU |
| 082 ## - NÚMERO DE LA CLASIFICACIÓN DECIMAL DEWEY |
| Número de clasificación |
657.48 |
| Número de documento/Ítem |
H816c, 1994 |
| 049 ## - FONDOS LOCALES (OCLC) |
| Fondos de biblioteca |
BNGR |
| 100 1# - ENTRADA PRINCIPAL--NOMBRE DE PERSONA |
| Nombre de persona |
Horngren, Charles T., |
| Fechas asociadas al nombre |
1926- |
| 9 (RLIN) |
47494 |
| 245 10 - MENCIÓN DE TÍTULO |
| Título |
Contabilidad financiera / |
| Mención de responsabilidad, etc. |
Charles T. Horngren, Gary L. Sundem, John A. Elliott ; traducción de Claudia Josephine Reynaud Cesario ; revisión técnica de Héctor A. Sánchez Rüed. |
| 250 ## - MENCIÓN DE EDICIÓN |
| Mención de edición |
5a ed. |
| 260 ## - PUBLICACIÓN, DISTRIBUCIÓN, ETC. |
| Lugar de publicación, distribución, etc. |
México : |
| Nombre del editor, distribuidor, etc. |
Prentice Hall Hispanoamericana, |
| Fecha de publicación, distribución, etc. |
1994. |
| 300 ## - DESCRIPCIÓN FÍSICA |
| Extensión |
xx, 914 p. : |
| Otras características físicas |
il. ; |
| Dimensiones |
25 cm. |
| 534 ## - NOTA SOBRE LA VERSIÓN ORIGINAL |
| Frase introductoria |
Traducción de la quinta edición en inglés de la obra: |
| Mención de título del original |
Introduction to financial accounting. |
| 650 #0 - PUNTO DE ACCESO ADICIONAL DE MATERIA--TÉRMINO DE MATERIA |
| Término de materia o nombre geográfico como elemento de entrada |
Contabilidad |
| 9 (RLIN) |
5846 |
| 700 1# - PUNTO DE ACCESO ADICIONAL--NOMBRE DE PERSONA |
| Nombre de persona |
Sundem, Gary L. |
| 9 (RLIN) |
47495 |
| 700 1# - PUNTO DE ACCESO ADICIONAL--NOMBRE DE PERSONA |
| Nombre de persona |
Elliott, John A. |
| 9 (RLIN) |
47496 |
| 700 1# - PUNTO DE ACCESO ADICIONAL--NOMBRE DE PERSONA |
| Nombre de persona |
Reynaud Cesario, Claudia Josephine, |
| Término indicativo de función/relación |
tr. |
| 9 (RLIN) |
47497 |
| 700 1# - PUNTO DE ACCESO ADICIONAL--NOMBRE DE PERSONA |
| Nombre de persona |
Sánchez Rüed, Héctor A., |
| Término indicativo de función/relación |
rev. |
| 9 (RLIN) |
47498 |
| 910 ## - DATOS DE OPCIÓN DEL USUARIO (OCLC) |
| Datos de opción del usuario |
WM |